000 00742nam a2200241Ia 4500
003 OSt
005 20220925204859.0
006 a|||||r|||| 00| 0
007 ta
008 220923b |||||||| |||| 00| 0 eng d
037 _cGeneral Book
040 _aRTL
_cRTL
_beng
041 _2eng
_aeng
082 _aY:351.48.N, K8
100 _aDioszegi V Ed.
_9131519
245 0 _aPopular beliefs and folklore tradition in Siberia.
260 _aHague
_bMouton
_c1968
300 _a498p
_ccm.
490 _aIndiana University , publication, Uralic and Altaic series. Ed by Thomas A Sebeok.57
500 _aBibliography chapterwise
942 _hY:351.48.N, K8
_cGB
_2CC
999 _c550662
_d550662